| 000 | 01084nam0a22002771 4500 | ||
|---|---|---|---|
| 001 | rc\799889 | ||
| 005 | 20250621235110.0 | ||
| 035 | _a(NLR Aleph) 005984099 | ||
| 090 |
_a7059243 _c7059243 |
||
| 100 | _a20041129d1984 |||y0rusy50 ca | ||
| 101 | 0 | _arus | |
| 102 | _aRU | ||
| 105 | _aa ||||||||| | ||
| 200 | 1 |
_aКремнийорганические полиуретаны _fВ.П. Кузнецова, Н.Н. Ласковенко, К.В. Запунная |
|
| 210 |
_aКиев _cНаукова думка _d1984 |
||
| 215 |
_a221 с. _cил. _d22 |
||
| 300 | _aВ надзаг.: АН УССР, Ин-т химии высокомолекуляр. соединений | ||
| 320 | _aБиблиогр.: с. 192-219 (648 назв.) | ||
| 700 | 1 |
_aКузнецова _bВ.П. _gВалентина Павловна |
|
| 701 | 1 |
_aЛасковенко _bН.Н. _gНилла Николаевна |
|
| 701 | 1 |
_aЗапунная _bК.В. _gКлавдия Владимировна |
|
| 801 | 0 |
_aRU _bNLR _gpsbo |
|
| 801 | 1 |
_aRU _bELAR _2rusmarc |
|
| 852 |
_aNLR _j85-5/2374 |
||
| 942 | _cBOOK | ||
| 980 | _aNB | ||